| 000 | 01949nam0a2200433 4500 | ||
|---|---|---|---|
| 001 | RU\NLR\bibl\248394 | ||
| 005 | 20260405101637.0 | ||
| 010 |
_a5-8365-0074-6 _91000 |
||
| 021 |
_aRU _b2001-47509 _92279 |
||
| 035 | _a(NLR Aleph) 000244223 | ||
| 090 |
_a1423916 _c1423916 |
||
| 100 | _a20020320d2001 |||y0rusy50 ca | ||
| 101 | 0 |
_arus _aeng |
|
| 102 | _aRU | ||
| 105 | _aa ||||||||| | ||
| 200 | 1 |
_aРазработка малопродуктивных нефтяных месторождений _dDevelopment of low-productive oil deposits _fВ. Д. Лысенко, проф., В. И. Грайфер, проф. _zeng |
|
| 210 |
_aМ. _cНедра _cНедра-бизнес-центр _d2001 |
||
| 215 |
_a561,[1] с. _cил. _d21 |
||
| 300 | _aАвт. также на англ. яз.: V.D. Lyssenko, V.I. Greifer | ||
| 300 | _aТекст парал. : рус., англ. | ||
| 320 | _aБиблиогр.: с. 287-288 | ||
| 510 | 1 |
_6z33790 _aDevelopment of low-productive oil deposits |
|
| 606 | 0 |
_aНефть _xДобыча _xВторичные методы _91305823 _3RU\NLR\auth\66224179 |
|
| 610 | 0 | _aНефтяные месторождения - системы разработки | |
| 675 |
_a622.323 _v3 _zrus |
||
| 686 |
_a52.47 _2rugasnti |
||
| 686 |
_a33.361 _2rubbk |
||
| 686 | _aИ361.79 | ||
| 700 | 1 |
_4070 _8rus _7ca _aЛысенко _bВ. Д. _f1934- _gВладимир Дмитриевич _3RU\NLR\auth\7720299 _93367 |
|
| 701 | 1 |
_4070 _8rus _7ca _aГрайфер _bВ. И. _f1929-2020 _gВалерий Исаакович _3RU\NLR\AUTH\7737549 _920537 |
|
| 790 | 1 |
_4070 _8rus _7ba _aLysenko _bV. D. _f1934- _gVladimir Dmitrievič _3RU\NLR\auth\7720300 _93368 |
|
| 790 | 1 |
_4070 _8rus _7ba _aGrajfer _bV. I. _f1929-2020 _gValerij Isaakovič _3RU\NLR\AUTH\7737550 _920538 |
|
| 801 | 0 |
_aRU _bRKP _c20020320 _gPSBO |
|
| 801 | 1 |
_aRU _bRKP _c20020320 |
|
| 801 | 2 |
_aRU _bNLR _c20060518 _grcr |
|
| 942 | _cBOOK | ||
| 980 | _aNB | ||